000
00330nam a22001337a 4500
008
181101b xxu||||| |||| 00| 0 eng d
020
_a
37072
041
_a
eng
080
_a
510
100
_a
36
101
_a
MAT
245
_a
Mathematics Applied to Deterministric Problems in the Natural Sciences
_c
Lin, C.C
942
_2
udc
_c
BK
999
_c
51542
_d
51542